000 01520cam a22004454i 4500
003 PE-LiUPU
005 20250731173455.0
008 150616s r 000 0 d
035 _a(Sirsi) a6582
040 _aPE-LiUPU
_bspa
_cPE-LiUPU
_erda
049 _aPRUA
082 0 4 _a226.20609
_bL99
_221
100 1 _aLuz, Ulrich,
_eautor.
245 1 0 _aMatthew in History; Interpretation, Influence and Effects /
_cUlrich Luz.
264 1 _aMinneapolis :
_bFortress Press,
_c1994.
300 _a108 páginas ;
_c22 cm.
336 _atext
_2rdacontent
337 _aunmediated
_2rdamedia
338 _avolume
_2rdacarrier
505 0 _aHistoriografía del libro de Mateo -- Crítica e interpretación del libro de Mateo -- Mateo.
526 _aSEG42
526 _aSEG41
526 _aSEG40
526 _aSEG39
526 _aP94
526 _aP87
526 _aP86
526 _aP85
526 _aP77
526 _aP76
526 _aP35
630 _aBiblia.
_pN.T.
_pMateo
_xCrítica, interpretación, etc.
910 _ajck
_bjvq
_cjck
942 _2ddc
_cBOOK
949 _a226.20609 L99
_wDEWEY
_c1
_i39954
_lCCODEBUL1
_mBUL
_p00.00
_r0
_sY
_tBOOK
_u19951204
_xTEOLOGIA
_zUNKNOWN
_0COMPRA
_o.STAFF. Colección General
994 _aC0
_bPEPRU
596 _a1
999 _a226.20609 L99
_wDEWEY
_c57731
_i39954
_f2021-11-9
_g5
_lCCODEBUL1
_mBUL
_r0
_sY
_tBOOK
_u2015-6-16
_xTEOLOGIA
_zUNKNOWN
_0COMPRA
_o.STAFF. Colección General
_d57731
980 _81
_gALBERTO SANCHEZ Responsable de Automatización